000 00753nam a22002057a 4500
999 _c13514
_d13514
008 190327b ||||| |||| 00| 0 eng d
020 _a9781452942032
082 _22014
_aAV-Eb 305.9082
_bB347
100 _aBauman,H-Dirksen L.
_937768
245 _aDeaf gain:
_braising the stakes for human diversity /
_cedited by H-Dirksen L. Bauman and Joseph J. Murray
260 _bUniversity of Minnesota Press,
_c©2014.
300 _a564 pages;
500 _aIncludes index.
650 _aDeaf culture.
_937769
650 _aDeaf.
_937770
700 _aBauman, H-Dirksen L. editor
_937771
700 _aMurray, Joseph J.editor.
_937772
856 _yhttps://ebookcentral.proquest.com/lib/uniofmindanao-ebooks/detail.action?docID=1833637
942 _2ddc
_cEB